000 00685nam a2200217 a 4500
001 13090
003 CO-ViMGA
008 141112s2004 ck r 000 u spa d
040 _aCO-ViMGA
_bspa
_cCO-ViMGA
082 0 4 _a005.329 M326a
110 _aMicrosoft Corporation
_919160
245 1 0 _aMicrosoft Excel :
_bManual del usuario
260 _aBogotá :
_bGrey Matter Internacional1994
300 _a848p. : il.
650 1 4 _aHOJA DE CALCULO, BUA
_919161
650 1 4 _aHOJA ELECTRONICA, BUA
_919162
650 1 4 _aMICROSOFT EXCEL 5.0
_919163
650 1 4 _aPROGRAMA PARA COMPUTADOR
_919164
650 1 4 _aVISUAL BASIC (LENGUAJE DE PROGRAMACION DE COMPUTADORES
_919165
942 _2ddc
_cBK
999 _c23918
_d23918